[Event "AUTO-ADV-3891"]
[Site "http://www.queenalice.com/game.php?id=1492437"]
[Date "2017.8.31"]
[Round "1"]
[White "bartataca"]
[Black "renatomfelipe"]
[Result "1/2-1/2"]
[WhiteElo "1614"]
[BlackElo "1828"]

1. e4 c5 2. Bc4 e6 3. d3 a6 4. a3 b5 5. Ba2 Bb7 6. Nf3 Be7 7. O-O h6 8. h3 d6 9.
Nc3 Nc6 10. Ne2 a5 11. Bf4 g5 12. Bh2 Bf6 13. c3 b4 14. a4 bxc3 15. bxc3 Ba6 16.
Rb1 Rb8 1/2-1/2

[Event "AUTO-ADV-3891"]
[Site "http://www.queenalice.com/game.php?id=1492450"]
[Date "2017.8.31"]
[Round "1"]
[White "bartataca"]
[Black "Profnabor"]
[Result "0-1"]
[WhiteElo "1623"]
[BlackElo "1982"]

1. e4 e5 2. Nf3 Nc6 3. Nc3 Nf6 4. Bc4 d6 5. Ng5 Be6 6. Nxe6 fxe6 7. Bxe6 Nd4 8.
O-O Nxe6 9. h3 Be7 10. d3 O-O 11. Qf3 Nd4 12. Qd1 h6 13. Ne2 c5 14. c3 Nxe2+ 15.
Qxe2 b6 16. Qf3 Qd7 17. Qg3 Kh7 18. a3 Nh5 19. Qe3 Bg5 20. Qe1 Nf4 21. Qd1 Rf7
22. Qc2 Nxh3+ 23. gxh3 Bxc1 24. Raxc1 Raf8 25. Kh2 Rf3 26. Kg1 Qxh3 27. Rce1
Qg4+ 0-1

[Event "AUTO-ADV-3891"]
[Site "http://www.queenalice.com/game.php?id=1492451"]
[Date "2017.8.31"]
[Round "1"]
[White "Profnabor"]
[Black "bartataca"]
[Result "0-1"]
[WhiteElo "2015"]
[BlackElo "1673"]

1. e4 e5 2. Nf3 Nf6 3. Nc3 Nc6 4. d4 exd4 5. Nxd4 Bc5 6. Nxc6 bxc6 7. Bg5 h6 8.
Bh4 Be7 9. e5 Nh7 10. Bxe7 Qxe7 11. f4 d6 12. Qd4 d5 13. Bd3 O-O 14. O-O a5 15.
Rae1 Ba6 16. Bxa6 Rxa6 17. f5 Qb4 18. Qd3 Rb6 19. f6 g6 20. b3 Rbb8 21. Nb1 Ng5
22. c3 Qc5+ 23. Kh1 Ne4 24. Qf3 Rfe8 25. Qf4 Kh7 26. c4 Rb7 27. Rxe4 dxe4 28.
Qxe4 Rxe5 29. Qf3 Rb8 30. Nd2 Rbe8 31. h3 Rf5 32. Qd3 Rxf1+ 33. Qxf1 Qe3 34. Nf3
Qe2 35. Qxe2 Rxe2 36. Nd4 Rxa2 37. Nxc6 Ra3 38. Kh2 Rxb3 39. Nxa5 Rb4 40. Nc6
Rb6 41. Ne7 Rxf6 42. c5 Re6 43. Nd5 Rc6 44. Kg3 Rxc5 45. Nf6+ Kh8 46. Ne8 Rc6
47. Kf4 Kg8 48. Ke5 Re6+ 49. Kd5 Rxe8 50. Kc6 Re7 51. g4 Kf8 52. h4 f6 53. g5
hxg5 54. hxg5 fxg5 55. Kb7 g4 56. Kc8 g3 57. Kd8 g2 58. Kc8 g1=Q 59. Kd8 Re8+
60. Kxc7 Qd1 61. Kb7 Qc1 62. Kb6 Re2 63. Kb5 Rb2+ 64. Ka4 Qa1# 0-1

[Event "AUTO-ADV-3891"]
[Site "http://www.queenalice.com/game.php?id=1492452"]
[Date "2017.8.31"]
[Round "1"]
[White "bartataca"]
[Black "Vilnius"]
[Result "0-1"]
[WhiteElo "1644"]
[BlackElo "1974"]

1. e4 e5 2. Bc4 g6 3. d3 Bg7 4. Nf3 h6 5. Nc3 c6 6. h3 b5 7. Bb3 a5 8. a3 d6 9.
O-O Nf6 10. Bg5 hxg5 11. Nxg5 Be6 12. Bxe6 fxe6 13. Nxe6 Qe7 14. Ng5 Nh5 15. Nf3
Nd7 16. Ne2 O-O-O 17. Ng3 Nf4 18. Qd2 a4 19. Qa5 Kb7 20. Ne2 Nxe2+ 21. Kh1 Nd4
22. Nxd4 exd4 23. Qd2 g5 24. Rae1 g4 25. Kh2 Be5+ 26. f4 gxf3+ 27. g3 Rdf8 28.
Ra1 Bxg3+ 29. Kxg3 Qh4+ 30. Kh2 Qxh3+ 31. Kg1 Qg3+ 0-1

[Event "AUTO-ADV-3891"]
[Site "http://www.queenalice.com/game.php?id=1492453"]
[Date "2017.8.31"]
[Round "1"]
[White "Vilnius"]
[Black "bartataca"]
[Result "1-0"]
[WhiteElo "1905"]
[BlackElo "1687"]

1. e4 e5 2. Nf3 d6 3. Nc3 a6 4. Bc4 h6 5. d3 c6 6. O-O Be7 7. d4 Nd7 8. b4 Ngf6
9. Bb2 O-O 10. dxe5 Nh5 11. e6 fxe6 12. Bxe6+ Kh8 13. Ne2 Nb6 14. Bb3 Bf6 15. e5
dxe5 16. Bxe5 Qxd1 17. Raxd1 Bf5 18. h3 Bxe5 19. Nxe5 Kh7 20. g4 Rae8 21. f4
Nxf4 22. Nxf4 Be4 23. Nd7 Rh8 24. Nxb6 Re7 25. Rd7 Ree8 26. Nh5 Bg6 27. Rxg7#
1-0

[Event "AUTO-INT-3276"]
[Site "http://www.queenalice.com/game.php?id=1492627"]
[Date "2017.9.2"]
[Round "1"]
[White "bartataca"]
[Black "victorbush2"]
[Result "0-1"]
[WhiteElo "1664"]
[BlackElo "1572"]

1. e4 e5 2. Bb5 Nc6 3. a3 Nf6 4. d3 a6 5. Bc4 Bc5 6. h3 O-O 7. Nf3 d5 8. Bb3
dxe4 9. Ng5 exd3 10. Qxd3 Qxd3 11. cxd3 Bf5 12. Nxf7 Rxf7 13. Bxf7+ Kxf7 14. Ke2
Nd4+ 15. Kd1 Rd8 16. Nd2 Bxd3 17. Nc4 Bxc4 18. Re1 Nb3+ 19. Bd2 Rxd2# 0-1

[Event "AUTO-INT-3276"]
[Site "http://www.queenalice.com/game.php?id=1492628"]
[Date "2017.9.2"]
[Round "1"]
[White "victorbush2"]
[Black "bartataca"]
[Result "1-0"]
[WhiteElo "1625"]
[BlackElo "1647"]

1. d4 d5 2. c4 Nf6 3. Nc3 dxc4 4. e3 b5 5. Nxb5 a6 6. Nc3 Be6 7. Nf3 h6 8. Be2
Bg4 9. Bxc4 e6 10. h3 Bf5 11. O-O Bb4 12. a3 Be7 13. e4 Bh7 14. Re1 Nxe4 15.
Nxe4 Nc6 16. d5 exd5 17. Qxd5 Qxd5 18. Bxd5 Kd7 19. Rd1 Bg6 20. Bxf7+ Kc8 21.
Bxg6 Kb7 22. Bf4 Raf8 23. Bh2 Na5 24. Rac1 c6 25. Rd7+ 1-0

[Event "AUTO-INT-3276"]
[Site "http://www.queenalice.com/game.php?id=1492629"]
[Date "2017.9.2"]
[Round "1"]
[White "bartataca"]
[Black "Ruusgugg"]
[Result "1-0"]
[WhiteElo "1658"]
[BlackElo "1408"]

1. e4 e5 2. Bb5 c6 3. Bc4 b5 4. Bb3 Qf6 5. d3 Bc5 6. Nf3 a5 7. Bg5 Qd6 8. a3 b4
9. O-O h6 10. Bh4 Qg6 11. Nxe5 Qd6 12. Nxf7 Qf4 13. Qh5 g6 14. Qxg6 Ne7 15. Bxe7
Bd6 16. Nxd6+ Kxe7 17. Nf5+ Kd8 18. Qf6+ Kc7 19. Qxh8 Qg5 20. Qe5+ Kb7 21. Nd6+
Kb6 22. Nxc8+ Kb7 23. Nd6+ Kc7 24. d4 Qg4 25. Ne8+ Kd8 26. Bf7 Na6 27. Qf6+ Kc8
28. Qxh6 Qxe4 29. Qh8 Kb7 30. Nd6+ 1-0

[Event "AUTO-INT-3276"]
[Site "http://www.queenalice.com/game.php?id=1492630"]
[Date "2017.9.2"]
[Round "1"]
[White "Ruusgugg"]
[Black "bartataca"]
[Result "0-1"]
[WhiteElo "1391"]
[BlackElo "1641"]

1. Nf3 Nf6 2. e3 d5 3. Ne5 a6 4. c4 Qd6 5. f4 Bf5 6. h3 Ne4 7. Qf3 Qb4 8. g4 Bd7
9. a3 Qb3 10. Nxd7 Nxd7 11. cxd5 Qxd5 12. d3 Qa5+ 13. b4 Qd5 14. dxe4 Qc6 15.
Qd1 Qxe4 16. Rh2 e6 17. Bd3 Qc6 18. Nd2 b5 19. Be4 Qb6 20. Bxa8 Qxe3+ 21. Re2
Qg3+ 22. Rf2 Qxh3 23. a4 Bd6 24. axb5 axb5 25. Bc6 Bxb4 26. Ra8+ Ke7 27. Rxh8
Nc5 28. Bxb5 c6 29. Bxc6 Nd3+ 30. Ke2 Nxf2 31. Kxf2 Bc5+ 32. Ke2 Qe3+ 33. Kf1
Qf2# 0-1

[Event "AUTO-INT-3276"]
[Site "http://www.queenalice.com/game.php?id=1492631"]
[Date "2017.9.2"]
[Round "1"]
[White "bartataca"]
[Black "PU1JQF"]
[Result "1-0"]
[WhiteElo "1666"]
[BlackElo "1334"]

1. e4 e5 2. Bc4 Nf6 3. d3 Bb4+ 4. Nc3 O-O 5. Bd2 d6 6. Qf3 Bg4 7. Qg3 c5 8. a3
Ba5 9. h3 Bh5 10. Bh6 Re8 11. Qxg7# 1-0

[Event "AUTO-INT-3276"]
[Site "http://www.queenalice.com/game.php?id=1492632"]
[Date "2017.9.2"]
[Round "1"]
[White "PU1JQF"]
[Black "bartataca"]
[Result "0-1"]
[WhiteElo "1232"]
[BlackElo "1621"]

1. e4 e5 2. Qf3 Nf6 3. d3 h6 4. Be3 Be7 5. Nh3 d6 6. Qg3 Nh5 7. Qf3 Be6 8. Qxh5
Nc6 9. Ng5 g6 10. Qh4 Bxg5 11. Qg3 Bh4 12. Qf3 Qd7 13. c4 Bg4 14. d4 Bxf3 15.
gxf3 Nxd4 16. Kd1 Qa4+ 17. b3 Nxb3 18. Nc3 Qa3 19. Rb1 Na5 20. Nb5 Qa4+ 21. Ke2
Qc2+ 22. Bd2 Nxc4 23. Rc1 Qxd2# 0-1

[Event "AUTO-INT-3286"]
[Site "http://www.queenalice.com/game.php?id=1497924"]
[Date "2017.10.8"]
[Round "1"]
[White "bartataca"]
[Black "TITAN10"]
[Result "0-1"]
[WhiteElo "1626"]
[BlackElo "2066"]

1. e4 c5 2. Bc4 d6 3. d3 Nc6 4. c3 e6 5. Nf3 Nf6 6. h3 Be7 7. O-O a6 8. a3 b5 9.
Ba2 O-O 10. c4 bxc4 11. Re1 cxd3 12. Qxd3 Rb8 13. Nc3 h6 14. Bb1 Qb6 15. e5 dxe5
16. Nxe5 Nxe5 17. Rxe5 Rd8 18. Qc2 Bb7 19. Rh5 Qc6 20. f3 Qd6 21. Be3 Bxf3 22.
gxf3 Qg3+ 23. Kf1 Qxf3+ 24. Ke1 Qxh5 25. Ne4 Nxe4 26. a4 Bh4+ 0-1

[Event "AUTO-INT-3286"]
[Site "http://www.queenalice.com/game.php?id=1497925"]
[Date "2017.10.8"]
[Round "1"]
[White "TITAN10"]
[Black "bartataca"]
[Result "1-0"]
[WhiteElo "2224"]
[BlackElo "1690"]

1. e4 e5 2. Nf3 Nc6 3. Bb5 a6 4. Ba4 d6 5. h3 h6 6. d4 Nf6 7. d5 b5 8. Bxb5 axb5
9. dxc6 Nxe4 10. Qd5 Nc5 11. Qd1 Be7 12. Nc3 Be6 13. Nxb5 Qb8 14. Qe2 Ra5 15.
Nc3 O-O 16. a3 Ra8 17. Qe3 Bf6 18. O-O Qc8 19. b4 Na4 20. Ne4 Bd8 21. Qe2 Ra6
22. b5 Ra8 23. Re1 f5 24. Ng3 Nc3 25. Qd3 Nd5 26. Qb3 Nf4 27. c4 Bf6 28. Rb1 Ng6
29. Nh5 f4 30. Nxf6+ Rxf6 31. Bd2 Ne7 32. Rbc1 Nf5 33. Qd3 Rg6 34. c5 Qd8 35.
Rcd1 Qe7 36. Bxf4 exf4 37. Qxf5 Bxf5 38. Rxe7 Rf6 39. cxd6 cxd6 40. b6 Bc8 41.
b7 Bxb7 42. cxb7 Rb8 43. Rc1 Rf7 44. Rc8+ Rf8 45. Rec7 g6 46. Rxf8+ Kxf8 47.
Rc8+ 1-0

[Event "AUTO-INT-3286"]
[Site "http://www.queenalice.com/game.php?id=1497926"]
[Date "2017.10.8"]
[Round "1"]
[White "bartataca"]
[Black "APSHOOTER"]
[Result "0-1"]
[WhiteElo "1703"]
[BlackElo "1768"]

1. e4 e5 2. Bc4 Nf6 3. d3 h6 4. h3 a6 5. Nf3 d6 6. a3 Nc6 7. c3 Qe7 8. Nh4 Nxe4
9. dxe4 Qxh4 10. Qf3 Be6 11. Bxe6 fxe6 12. Be3 Be7 13. Nd2 Rf8 14. Qe2 O-O-O 15.
O-O-O Na5 16. Kb1 d5 17. exd5 exd5 18. Qg4+ Qxg4 19. hxg4 d4 20. cxd4 exd4 21.
Bxh6 gxh6 22. Ne4 c5 23. Rxh6 Nb3 24. f3 d3 25. g5 d2 26. g6 Rg8 27. f4 c4 28.
f5 b5 29. f6 Bxf6 30. Nxf6 Rg7 31. Ne4 Kb7 32. Ng5 Re8 33. Nf3 Re6 34. Nxd2
Nxd2+ 35. Rxd2 Rgxg6 36. Rh7+ Kc6 37. Rh8 Re1+ 38. Ka2 Rg1 39. Rh2 Re6 40. Rc2
Ree1 41. b3 Ra1+ 42. Kb2 Rgb1+ 43. Kc3 Rxb3+ 44. Kd4 Rd1+ 45. Ke4 Rxa3 46. Rh6+
Kc5 47. Rf2 Re1+ 48. Kf4 Ree3 49. Rh5+ Kb4 50. Rg5 Re8 51. Rb2+ Rb3 52. Ra2 a5
53. g4 c3 54. Rd5 Rf8+ 55. Ke5 Rb2 56. Rd4+ Kb3 57. Rxa5 b4 58. Rb5 Re2+ 59. Kd5
Rd8+ 60. Kc5 Rxd4 61. Kxd4 c2 62. Rc5 Kb2 63. Kd3 Rg2 64. Rc4 c1=Q 65. Rxb4+ Ka1
66. Ra4+ Ra2 67. Rc4 Ra3+ 68. Kd4 Qf4+ 69. Kc5 Qxc4+ 0-1

[Event "AUTO-INT-3286"]
[Site "http://www.queenalice.com/game.php?id=1497927"]
[Date "2017.10.8"]
[Round "1"]
[White "APSHOOTER"]
[Black "bartataca"]
[Result "0-1"]
[WhiteElo "1700"]
[BlackElo "1608"]

1. e4 e5 2. Bc4 Bc5 3. Nf3 Nc6 4. a3 h6 5. h3 Nf6 6. Nc3 a6 7. Nd5 O-O 8. d3 d6
9. Qe2 b5 10. Nxf6+ Qxf6 11. Be3 Bxe3 12. Bxf7+ Rxf7 13. Qxe3 Bb7 14. O-O-O Qe6
15. Kb1 b4 16. a4 b3 17. c3 Rb8 18. Nh4 Ne7 19. g3 Rbf8 20. Rdf1 Qd7 21. d4 Qxa4
22. Kc1 Qa1+ 23. Kd2 Qxb2+ 24. Ke1 Qb1+ 25. Ke2 Qxe4 26. Qxe4 Bxe4 27. Rh2 Nd5
28. c4 Nc3+ 29. Kd2 Na2 30. f3 b2 31. Rb1 Bxb1 32. Kd1 Rb8 33. Ng2 Bd3 0-1

[Event "Brasileiro1"]
[Site "http://www.queenalice.com/game.php?id=1500125"]
[Date "2017.10.23"]
[Round "2"]
[White "Wefferson44"]
[Black "bartataca"]
[Result "1-0"]
[WhiteElo "2065"]
[BlackElo "1628"]

1. e4 e5 2. Bc4 Bc5 3. Qf3 Nf6 4. d3 O-O 5. Ne2 d6 6. h3 h6 7. g4 Nh7 8. h4 Be6
9. g5 hxg5 10. hxg5 Bxc4 11. Qh5 f6 12. g6 Re8 13. Qxh7+ Kf8 14. dxc4 Qd7 15.
Bh6 Nc6 16. Qh8+ Ke7 17. Qxg7+ Ke6 18. f4 Qxg7 19. f5+ Ke7 20. Bxg7 Rg8 21. Rh7
Kd7 22. Bxf6+ Kc8 23. Nbc3 b6 24. Nd5 Bb4+ 25. c3 Kb7 26. Rxc7+ Kb8 27. Rxc6 1-0

[Event "AUTO-INT-3298"]
[Site "http://www.queenalice.com/game.php?id=1505042"]
[Date "2017.11.22"]
[Round "1"]
[White "bartataca"]
[Black "od_xavier"]
[Result "0-1"]
[WhiteElo "1684"]
[BlackElo "1694"]

1. e4 d5 2. Nc3 dxe4 3. Nxe4 Nf6 4. Nxf6+ exf6 5. d3 Bd6 6. Be2 Qe7 7. h3 O-O 8.
Be3 b6 9. Bg4 Bb7 10. Bf3 Nc6 11. a3 f5 12. Qe2 Rfe8 13. Qd2 f4 14. O-O-O fxe3
15. fxe3 Bc5 16. d4 Bd6 17. Re1 Na5 18. Bxb7 Nxb7 19. Nf3 f6 20. Ref1 a5 21. Nh4
c5 22. d5 Qe5 23. Rf3 b5 24. Rhf1 Qe4 25. Nf5 Be5 26. Qe2 Qxd5 0-1

[Event "AUTO-INT-3298"]
[Site "http://www.queenalice.com/game.php?id=1505043"]
[Date "2017.11.22"]
[Round "1"]
[White "od_xavier"]
[Black "bartataca"]
[Result "1-0"]
[WhiteElo "1677"]
[BlackElo "1701"]

1. e3 e5 2. Bc4 d5 3. Be2 a6 4. b3 h6 5. Bb2 Nc6 6. c3 Nf6 7. d3 Bg4 8. Bxg4
Nxg4 9. Qxg4 h5 10. Qh3 Be7 11. Nd2 g6 12. Ne2 Qd6 13. O-O f5 14. f4 O-O-O 15.
b4 h4 16. Rab1 g5 17. fxg5 Rdf8 18. Rxf5 Qg6 19. Rf6+ Kb8 20. Rxg6 e4 21. dxe4
dxe4 22. Nxe4 Ne5 23. Nd4 Re8 24. Rg7 Bd8 25. Nc5 Rh5 26. a4 1-0

[Event "AUTO-INT-3298"]
[Site "http://www.queenalice.com/game.php?id=1505044"]
[Date "2017.11.22"]
[Round "1"]
[White "bartataca"]
[Black "Nuzzera"]
[Result "0-1"]
[WhiteElo "1636"]
[BlackElo "1653"]

1. e4 e5 2. Bc4 Qh4 3. Qf3 d6 4. Qxf7+ Kd8 5. Qxf8+ Kd7 6. Qxg7+ Ne7 7. Qxh8
Qxe4+ 8. Be2 Qxg2 9. Bf3 Qg6 10. d3 Nbc6 11. Be4 Nf5 12. Bxf5+ Qxf5 13. Qg7+ Kd8
14. Bg5+ Ke8 15. Qg8+ Kd7 16. Qg7+ Ke6 17. Nd2 Bd7 18. Qe7+ Nxe7 0-1

[Event "AUTO-INT-3298"]
[Site "http://www.queenalice.com/game.php?id=1505045"]
[Date "2017.11.22"]
[Round "1"]
[White "Nuzzera"]
[Black "bartataca"]
[Result "1-0"]
[WhiteElo "1654"]
[BlackElo "1652"]

1. e3 d5 2. Qh5 Nf6 3. Qf3 Bg4 4. Qf4 e6 5. f3 Bd6 6. Qg5 h6 7. Qxg7 Ke7 8. fxg4
Kd7 9. Qxf7+ Be7 10. Nf3 Nc6 11. Bb5 a6 12. Ne5+ Kc8 13. Qxe6+ Kb8 14. Nf7 Qg8
15. Bxc6 Rh7 16. Qxe7 1-0

[Event "AUTO-INT-3298"]
[Site "http://www.queenalice.com/game.php?id=1505046"]
[Date "2017.11.22"]
[Round "1"]
[White "bartataca"]
[Black "Givanildo"]
[Result "1-0"]
[WhiteElo "1688"]
[BlackElo "1607"]

1. e4 d5 2. Nc3 dxe4 3. Nxe4 Bf5 4. Qf3 Bxe4 5. Qxe4 a6 6. Qxb7 Nd7 7. Qc6 Nf6
8. Bxa6 e6 9. Bb5 Bd6 10. d3 O-O 11. h3 Ne5 12. Qc3 Rb8 13. a4 Nd5 14. Qd2 Bb4
15. c3 Ba5 16. Ne2 c6 17. Bc4 Nxc4 18. dxc4 Nf6 19. Qxd8 Rfxd8 20. Nd4 Rxd4 21.
b4 Re4+ 22. Be3 Bc7 23. c5 Rxe3+ 24. fxe3 Ne4 25. Ra3 Bg3+ 26. Ke2 Rd8 27. Rd1
Rd5 28. Rxd5 cxd5 29. a5 Bh4 30. a6 Ng3+ 31. Kf3 f5 32. a7 g5 33. a8=Q+ Kg7 34.
Qb7+ Kg6 35. Qd7 g4+ 36. Kf2 Ne4+ 37. Ke2 Ng3+ 38. Kd1 Ne4 39. Qxe6+ Nf6 40. Ra6
gxh3 41. gxh3 h6 42. Qg8+ Kh5 43. Qf7+ Kg5 44. Qxf6+ Kh5 45. Qxh6# 1-0

[Event "AUTO-INT-3298"]
[Site "http://www.queenalice.com/game.php?id=1505047"]
[Date "2017.11.22"]
[Round "1"]
[White "Givanildo"]
[Black "bartataca"]
[Result "1-0"]
[WhiteElo "1667"]
[BlackElo "1668"]

1. e3 e5 2. Bc4 d5 3. Bb3 Nf6 4. h3 a5 5. d4 Nc6 6. dxe5 Nxe5 7. Ne2 a4 8. Bxd5
Nxd5 9. Bd2 Nc4 10. Qc1 c6 11. O-O Qd6 12. e4 Nf6 13. Bf4 Qc5 14. Rd1 Nxe4 15.
Be3 Nxe3 16. Qxe3 Qxe3 17. fxe3 Be7 18. Na3 b5 19. c3 O-O 20. Nc2 c5 21. Rd5 Be6
22. Re5 Nd6 23. Nf4 Nc4 24. Nxe6 fxe6 25. Rxe6 Bh4 26. Rd1 Nxb2 27. Rb1 a3 28.
Re4 Bf6 29. Rg4 Bxc3 30. e4 Rad8 31. Ne3 Bd4 32. Rg3 Rfe8 33. Kh2 Rxe4 34. Nf5
Rd7 35. Nxd4 Rexd4 36. Rxa3 Rd2 37. Ra8+ Kf7 38. Rf1+ Ke6 39. Re8+ Kd6 40. Rb8
Kc6 41. Rc8+ Rc7 42. Rh8 h6 43. Rhf8 b4 44. R1f3 c4 45. Re3 Kb5 46. Rf5+ Ka4 47.
Ree5 c3 48. Ra5# 1-0